Introduction to Pascal and structure design / (Record no. 10316)

MARC details
000 -LEADER
fixed length control field 00736nam a2200253 a 4500
001 - CONTROL NUMBER
control field 00000447
008 - FIXED-LENGTH DATA ELEMENTS--GENERAL INFORMATION
fixed length control field 110328s1987 maua g 000 0 eng d
020 ## - INTERNATIONAL STANDARD BOOK NUMBER
ISBN 0669095702
040 ## - CATALOGING SOURCE
Original cataloging agency BD-DhIUB
Transcribing agency BD-DhIUB
082 04 - DEWEY DECIMAL CLASSIFICATION NUMBER
Classification number 005.133P
Edition number 19
100 1# - MAIN ENTRY--PERSONAL NAME
Personal name Dale, Nell
245 00 - TITLE STATEMENT
Title Introduction to Pascal and structure design /
Statement of responsibility, etc Nell Dale, Chip Weems
250 ## - EDITION STATEMENT
Edition statement 2nd ed.
260 ## - PUBLICATION, DISTRIBUTION, ETC. (IMPRINT)
Place of publication, distribution, etc Lexinton, Massachusetts :
Name of publisher, distributor, etc D. C. Heath and Company,
Date of publication, distribution, etc 1987.
300 ## - PHYSICAL DESCRIPTION
Extent xxi, 753, 72 p. :
Other physical details ill.
520 0# - SUMMARY, ETC.
Summary, etc Computer Science
556 ## - INFORMATION ABOUT DOCUMENTATION NOTE
Information about documentation note 1993-10-09
526 ## - STUDY PROGRAM INFORMATION NOTE
Department Computer Science and Engineering
650 17 - SUBJECT ADDED ENTRY--TOPICAL TERM
Topical term or geographic name as entry element Computer programming
Source of heading or term Spines
650 17 - SUBJECT ADDED ENTRY--TOPICAL TERM
Topical term or geographic name as entry element Structured systems
Source of heading or term Spines
653 00 - INDEX TERM--UNCONTROLLED
Uncontrolled term Pascal
700 1# - ADDED ENTRY--PERSONAL NAME
Personal name Weems, Chip
Holdings
Withdrawn status Lost status Source of classification or shelving scheme Damaged status Not for loan Home library Current library Shelving location Date acquired Total Checkouts Full call number Barcode Date last seen Copy number Price effective from Koha item type
  Lost and Paid For Dewey Decimal Classification     Library, Independent University, Bangladesh (IUB) Library, Independent University, Bangladesh (IUB) General Stacks 21/04/2011   005.133P D139p 000777 18/05/2011 1 18/05/2011 Books